[Event "Titled Tuesday intern op 26th Nov Late"]
[Site "Chess.com INT"]
[Date "2024.11.26"]
[Round "3"]
[White "Villa Tornero, Alex"]
[Black "Smith, Garrett L"]
[Result "1-0"]
[WhiteElo "2249"]
[BlackElo "2029"]
[PlyCount "41"]
[EventDate "2024.11.26"]
[EventType "swiss (blitz)"]
[EventRounds "11"]
[EventCountry "USA"]
[SourceTitle "CB49_2024"]
[SourceDate "2024.12.04"]
[SourceVersion "1"]
[SourceVersionDate "2024.12.04"]
[SourceQuality "1"]

1. e4 c5 2. Nf3 Nc6 3. Bb5 e6 4. 0-0 Nge7 5. c3 a6 6. Ba4 b5 7. Bc2 d5 8. exd5 Nxd5 9. d4 Nf6 10. Bg5 cxd4 11. cxd4 Be7 12. Nc3 0-0 13. Qe2 Nxd4 14. Nxd4 Qxd4 15. Rad1 Qa7 16. Ne4 Nxe4 17. Bxe7 Re8 18. Qxe4 f5 19. Qc6 Rxe7 20. Rd8+ Kf7 21. Rxc8 1-0

[Event "Titled Tuesday intern op 12th Mar Late"]
[Site "Chess.com INT"]
[Date "2024.03.12"]
[Round "7"]
[White "Smith, Garrett L"]
[Black "Weisz, Bryan"]
[Result "1/2-1/2"]
[WhiteElo "2029"]
[BlackElo "1997"]
[PlyCount "106"]
[EventDate "2024.03.12"]
[EventType "swiss (blitz)"]
[EventRounds "11"]
[EventCountry "USA"]
[SourceTitle "CBM 219 Extra"]
[Source "ChessBase"]
[SourceDate "2024.05.31"]
[SourceVersion "1"]
[SourceVersionDate "2024.05.31"]
[SourceQuality "1"]

1. e4 c6 2. d4 d5 3. e5 Bf5 4. Nd2 h6 5. Nb3 e6 6. Nf3 a5 7. a4 Na6 8. c3 g5 9. Bd3 Ne7 10. 0-0 Bg6 11. Be3 Nf5 12. Rc1 g4 13. Ne1 h5 14. Nd2 Nxe3 15. fxe3 Bh6 16. Bxg6 Bxe3+ 17. Kh1 fxg6 18. Qe2 Qg5 19. Rc2 0-0-0 20. Rf6 Rdf8 21. Nf1 Bc1 22. Nd3 Bxb2 23. Rxf8+ Rxf8 24. Rxb2 h4 25. Ne3 g3 26. h3 c5 27. dxc5 Rf7 28. Ng4 Nxc5 29. Rb1 Ne4 30. Qe3 Qf5 31. Nf6 Kb8 32. Re1 Nf2+ 33. Nxf2 gxf2 34. Rf1 Rc7 35. Rxf2 Qb1+ 36. Kh2 Qb3 37. Rf3 Qxa4 38. Ng4 Qb3 39. Rf8+ Rc8 40. Rxc8+ Kxc8 41. Qc5+ Kb8 42. Qd6+ Ka7 43. Qxe6 a4 44. Nf6 a3 45. Nxd5 a2 46. Qd7 a1Q 47. Nc7 Kb6 48. Qd6+ Ka7 49. Qc5+ Qb6 50. Nb5+ Ka6 51. Nc7+ Ka7 52. Nb5+ Ka6 53. Nc7+ Ka7 1/2-1/2

[Event "Titled Tuesday intern op 20th Feb Late"]
[Site "Chess.com INT"]
[Date "2024.02.20"]
[Round "2"]
[White "Principe, Gerson"]
[Black "Smith, Garrett L"]
[Result "1/2-1/2"]
[WhiteElo "2158"]
[BlackElo "2029"]
[PlyCount "47"]
[EventDate "2024.02.20"]
[EventType "swiss (blitz)"]
[EventRounds "11"]
[EventCountry "USA"]
[SourceTitle "EXT 2025"]
[Source "ChessBase"]
[SourceDate "2024.10.14"]
[SourceVersion "1"]
[SourceVersionDate "2024.10.14"]
[SourceQuality "1"]

1. d4 Nf6 2. Nf3 g6 3. g3 c6 4. Bg2 d5 5. 0-0 Bg7 6. b3 a5 7. Bb2 a4 8. a3 0-0 9. b4 Ne4 10. Nbd2 Nxd2 11. Qxd2 Nd7 12. Qd1 Nb6 13. Nd2 Bg4 14. h3 Be6 15. e3 Qd7 16. Rc1 Bxh3 17. Qe2 h5 18. c4 h4 19. gxh4 Bf6 20. h5 Bg4 21. Bf3 Bh3 22. Bg2 Bg4 23. Bf3 Bh3 24. Bg2 1/2-1/2

[Event "Titled Tuesday intern op 13th Feb Late"]
[Site "Chess.com INT"]
[Date "2024.02.13"]
[Round "6"]
[White "Bornholdt, Joa Max"]
[Black "Smith, Garrett L"]
[Result "1-0"]
[WhiteElo "2268"]
[BlackElo "2029"]
[PlyCount "57"]
[EventDate "2024.02.13"]
[EventType "swiss (blitz)"]
[EventRounds "11"]
[EventCountry "USA"]
[SourceTitle "CBM 218 Extra"]
[Source "ChessBase"]
[SourceDate "2024.03.31"]
[SourceVersion "1"]
[SourceVersionDate "2024.03.31"]
[SourceQuality "1"]

1. e4 c5 2. Nf3 Nc6 3. d4 cxd4 4. Nxd4 e5 5. Nb5 d6 6. c4 Be7 7. N5c3 f5 8. Be2 Nf6 9. exf5 Bxf5 10. 0-0 0-0 11. Nd5 Nd4 12. Bd3 Nxd5 13. cxd5 Qe8 14. Nc3 Qg6 15. Bxf5 Rxf5 16. f4 Raf8 17. Be3 Rh5 18. Bxd4 exd4 19. Qxd4 Bd8 20. Qe4 Bb6+ 21. Kh1 Qh6 22. Qe6+ Qxe6 23. dxe6 Rf6 24. Rae1 Kf8 25. g4 Ra5 26. f5 g5 27. b4 Ra3 28. Nd5 Rh6 29. f6 1-0

[Event "Titled Tuesday intern op 13th Feb Late"]
[Site "Chess.com INT"]
[Date "2024.02.13"]
[Round "4"]
[White "Piliczewski, Bogusz"]
[Black "Smith, Garrett L"]
[Result "1/2-1/2"]
[WhiteElo "1796"]
[BlackElo "2029"]
[PlyCount "69"]
[EventDate "2024.02.13"]
[EventType "swiss (blitz)"]
[EventRounds "11"]
[EventCountry "USA"]
[SourceTitle "CBM 218 Extra"]
[Source "ChessBase"]
[SourceDate "2024.03.31"]
[SourceVersion "1"]
[SourceVersionDate "2024.03.31"]
[SourceQuality "1"]

1. d4 Nf6 2. Bf4 g6 3. Nc3 Nh5 4. Bg5 h6 5. Bd2 d6 6. e4 c5 7. d5 Bg7 8. Be2 Nf6 9. Nf3 a6 10. a4 Nbd7 11. Bf4 Ng4 12. 0-0 Nge5 13. Qd2 Nxf3+ 14. Bxf3 g5 15. Be3 Ne5 16. Be2 Ng4 17. Bxg4 Bxg4 18. f3 Bd7 19. f4 gxf4 20. Bxf4 b5 21. axb5 axb5 22. Be3 b4 23. Rxa8 Qxa8 24. Nd1 Bb5 25. Rf3 h5 26. Qf2 Bf6 27. Rxf6 exf6 28. Qxf6 Rg8 29. Qxd6 Qd8 30. Qxc5 Be2 31. Qc6+ Qd7 32. Qa8+ Qd8 33. Qc6+ Qd7 34. Qa8+ Qd8 35. Qc6+ 1/2-1/2

[Event "Titled Tuesday intern op 13th Feb Early"]
[Site "Chess.com INT"]
[Date "2024.02.13"]
[Round "8"]
[White "Smith, Garrett L"]
[Black "Jegorovas, Aleksandras"]
[Result "0-1"]
[WhiteElo "2029"]
[BlackElo "2270"]
[PlyCount "68"]
[EventDate "2024.02.13"]
[EventType "swiss (blitz)"]
[EventRounds "11"]
[EventCountry "USA"]
[SourceTitle "CBM 218 Extra"]
[Source "ChessBase"]
[SourceDate "2024.03.31"]
[SourceVersion "1"]
[SourceVersionDate "2024.03.31"]
[SourceQuality "1"]

1. e4 c6 2. d4 d5 3. e5 c5 4. Nf3 cxd4 5. Nxd4 Nc6 6. Nxc6 bxc6 7. c4 e6 8. Nc3 Bc5 9. cxd5 cxd5 10. Bd3 Ne7 11. 0-0 0-0 12. Bg5 Rb8 13. Qh5 h6 14. Rad1 Qe8 15. Bc1 f5 16. Qxe8 Rxe8 17. Rfe1 Bd7 18. Kf1 Nc6 19. h4 Bd4 20. f4 Bxc3 21. bxc3 Na5 22. Be3 Bb5 23. Bxa7 Bxd3+ 24. Rxd3 Ra8 25. Bc5 Nc4 26. Re2 Reb8 27. Bb4 Rb6 28. Kf2 Rba6 29. h5 Rxa2 30. Rxa2 Rxa2+ 31. Kg3 g6 32. hxg6 Kg7 33. Rf3 Nd2 34. Re3 Nf1+ 0-1

[Event "Titled Tuesday intern op 13th Feb Early"]
[Site "Chess.com INT"]
[Date "2024.02.13"]
[Round "1"]
[White "Smith, Garrett L"]
[Black "Kim, Sergey2"]
[Result "0-1"]
[WhiteElo "2029"]
[BlackElo "2295"]
[PlyCount "104"]
[EventDate "2024.02.13"]
[EventType "swiss (blitz)"]
[EventRounds "11"]
[EventCountry "USA"]
[SourceTitle "CBM 218 Extra"]
[Source "ChessBase"]
[SourceDate "2024.03.31"]
[SourceVersion "1"]
[SourceVersionDate "2024.03.31"]
[SourceQuality "1"]

1. e4 e5 2. Nf3 Nc6 3. Bc4 Bc5 4. b4 Bxb4 5. c3 Ba5 6. Qb3 Qe7 7. d4 Bb6 8. 0-0 Na5 9. Qa4 Nxc4 10. Qxc4 d6 11. a4 a6 12. a5 Ba7 13. dxe5 Be6 14. Qa4+ Bd7 15. Qb3 Bc6 16. Nbd2 0-0-0 17. Ba3 Qe6 18. Qxe6+ fxe6 19. exd6 cxd6 20. Ng5 Nh6 21. Nxe6 Rd7 22. Nc4 Bxe4 23. Nxd6+ Rxd6 24. Bxd6 Nf5 25. Bc5 Bb8 26. Rfe1 Bc6 27. Rad1 Rg8 28. Bb6 Nh4 29. f3 Nf5 30. Kf2 Bxh2 31. Rh1 Bg3+ 32. Kg1 h6 33. Nd4 Nxd4 34. cxd4 Kd7 35. d5 Bb5 36. Rh3 Bd6 37. Rh4 Rc8 38. Rg4 g5 39. Rd2 Bf4 40. Rb2 h5 41. Rxf4 gxf4 42. Kf2 Rc4 43. g3 fxg3+ 44. Kxg3 h4+ 45. Kh3 Rc3 46. Kg4 Rd3 47. Rh2 Rxd5 48. Rxh4 Bd3 49. Rh6 Bf5+ 50. Kf4 Be6 51. Rh7+ Kc6 52. Ke4 Bf5+ 0-1

[Event "Titled Tuesday intern op 06th Feb Late"]
[Site "Chess.com INT"]
[Date "2024.02.06"]
[Round "9"]
[White "Francisco Guecamburu, Candela Be"]
[Black "Smith, Garrett L"]
[Result "1-0"]
[WhiteElo "2295"]
[BlackElo "2029"]
[PlyCount "77"]
[EventDate "2024.02.06"]
[EventType "swiss (blitz)"]
[EventRounds "11"]
[EventCountry "USA"]
[SourceTitle "CBM 218 Extra"]
[Source "ChessBase"]
[SourceDate "2024.03.31"]
[SourceVersion "1"]
[SourceVersionDate "2024.03.31"]
[SourceQuality "1"]

1. e4 c5 2. Nf3 Nc6 3. Bb5 e6 4. Bxc6 bxc6 5. b3 f6 6. Ba3 e5 7. 0-0 d6 8. c3 Bg4 9. h3 Bh5 10. d4 cxd4 11. cxd4 Ne7 12. Nbd2 exd4 13. g4 Bf7 14. Nxd4 c5 15. Nf5 Nxf5 16. exf5 Be7 17. Qf3 0-0 18. Rfe1 d5 19. Rac1 Rc8 20. Rcd1 Bd6 21. Nf1 Qa5 22. Bc1 Qxa2 23. Re2 Qa6 24. Rde1 Be5 25. Bf4 Bxf4 26. Qxf4 d4 27. Nd2 h6 28. h4 Qd3 29. g5 fxg5 30. hxg5 Bh5 31. Re5 hxg5 32. Qxg5 Qh3 33. R1e4 Bf7 34. Rh4 Qd3 35. Ne4 Rfd8 36. Nf6+ Kf8 37. Rh8+ Bg8 38. Rxg8+ Kf7 39. Qxg7# 1-0

[Event "Titled Tuesday intern op 06th Feb Late"]
[Site "Chess.com INT"]
[Date "2024.02.06"]
[Round "2"]
[White "Martinez Ramirez, Lennis"]
[Black "Smith, Garrett L"]
[Result "1-0"]
[WhiteElo "2442"]
[BlackElo "2029"]
[PlyCount "43"]
[EventDate "2024.02.06"]
[EventType "swiss (blitz)"]
[EventRounds "11"]
[EventCountry "USA"]
[SourceTitle "CBM 218 Extra"]
[Source "ChessBase"]
[SourceDate "2024.03.31"]
[SourceVersion "1"]
[SourceVersionDate "2024.03.31"]
[SourceQuality "1"]

1. d4 Nf6 2. c4 g6 3. Nc3 d5 4. Nf3 Bg7 5. Bf4 0-0 6. Rc1 dxc4 7. e3 c5 8. dxc5 Qa5 9. Bxc4 Qxc5 10. Bb3 Nc6 11. 0-0 Qh5 12. h3 e5 13. Bh2 Rd8 14. Qe2 e4 15. Nd4 Nxd4 16. Qxh5 Nxh5 17. exd4 Bxd4 18. Nxe4 Bf5 19. Nd6 Bxb2 20. Rc7 Rd7 21. Bxf7+ Kg7 22. Nxf5+ 1-0

[Event "Titled Tuesday intern op 06th Feb Late"]
[Site "Chess.com INT"]
[Date "2024.02.06"]
[Round "6"]
[White "Smith, Garrett L"]
[Black "Mkrtchyan, Mikayel"]
[Result "0-1"]
[WhiteElo "2029"]
[BlackElo "2071"]
[PlyCount "44"]
[EventDate "2024.02.06"]
[EventType "swiss (blitz)"]
[EventRounds "11"]
[EventCountry "USA"]
[SourceTitle "CBM 218 Extra"]
[Source "ChessBase"]
[SourceDate "2024.03.31"]
[SourceVersion "1"]
[SourceVersionDate "2024.03.31"]
[SourceQuality "1"]

1. e4 c6 2. d4 d5 3. e5 c5 4. Nf3 Bg4 5. dxc5 e6 6. b4 Nc6 7. Bb5 Nge7 8. 0-0 Qc7 9. Bf4 h6 10. Re1 g5 11. Bg3 Bg7 12. Nbd2 0-0 13. Rb1 Nd4 14. Bd3 a5 15. h3 Bh5 16. c3 Nxf3+ 17. Nxf3 axb4 18. cxb4 Rxa2 19. Qb3 Rfa8 20. Nd4 R8a3 21. Nb5 Rxb3 22. Nxc7 Rxd3 0-1

[Event "Titled Tuesday intern op 06th Feb Late"]
[Site "Chess.com INT"]
[Date "2024.02.06"]
[Round "10"]
[White "Smith, Garrett L"]
[Black "Quirke, Jeffrey"]
[Result "0-1"]
[WhiteElo "2029"]
[BlackElo "1986"]
[PlyCount "100"]
[EventDate "2024.02.06"]
[EventType "swiss (blitz)"]
[EventRounds "11"]
[EventCountry "USA"]
[SourceTitle "CBM 218 Extra"]
[Source "ChessBase"]
[SourceDate "2024.03.31"]
[SourceVersion "1"]
[SourceVersionDate "2024.03.31"]
[SourceQuality "1"]

1. e4 d6 2. d4 Nf6 3. Nc3 e5 4. Nf3 Nbd7 5. Bc4 Be7 6. 0-0 0-0 7. a4 a5 8. Ba2 c6 9. Re1 h6 10. Nh4 Re8 11. Nf5 Bf8 12. dxe5 dxe5 13. Qf3 Nc5 14. Be3 Bxf5 15. Qxf5 Qc8 16. Qf3 Qg4 17. Qxg4 Nxg4 18. Bd2 Ne6 19. f3 Bc5+ 20. Kf1 Nf6 21. Bxe6 Rxe6 22. Be3 Bxe3 23. Rxe3 Rd6 24. Rd1 Rad8 25. Rxd6 Rxd6 26. Ke2 Nd7 27. Rd3 Rxd3 28. Kxd3 Kf8 29. Kc4 Ke7 30. Nd1 Kd6 31. b3 Nf8 32. Ne3 g6 33. Kd3 b5 34. g3 Ne6 35. axb5 cxb5 36. Nd5 f5 37. Nc3 Kc5 38. exf5 gxf5 39. Ne2 a4 40. bxa4 bxa4 41. Kc3 Nd4 42. Nc1 Nxf3 43. Nd3+ Kd5 44. Kb4 Nxh2 45. c4+ Kd4 46. c5 Ng4 47. c6 Nf6 48. Nf2 Nd5+ 49. Kb5 e4 50. Kxa4 e3 0-1

[Event "Titled Tuesday intern op 06th Feb Late"]
[Site "Chess.com INT"]
[Date "2024.02.06"]
[Round "11"]
[White "Vila Dupla, Aurelio"]
[Black "Smith, Garrett L"]
[Result "0-1"]
[WhiteElo "2042"]
[BlackElo "2029"]
[PlyCount "64"]
[EventDate "2024.02.06"]
[EventType "swiss (blitz)"]
[EventRounds "11"]
[EventCountry "USA"]
[SourceTitle "CBM 218 Extra"]
[Source "ChessBase"]
[SourceDate "2024.03.31"]
[SourceVersion "1"]
[SourceVersionDate "2024.03.31"]
[SourceQuality "1"]

1. e4 c5 2. Nf3 Nc6 3. d4 cxd4 4. Nxd4 e5 5. Nxc6 bxc6 6. Bc4 Nf6 7. Bg5 h6 8. Bxf6 Qxf6 9. 0-0 Bc5 10. Nc3 0-0 11. Na4 Be7 12. a3 d6 13. Nc3 Qg6 14. Kh1 Rb8 15. b3 Bg4 16. f3 Be6 17. Qe2 Rbd8 18. Rad1 Kh8 19. Bxe6 Qxe6 20. Qa6 Qd7 21. Rd3 Qc7 22. Rfd1 f5 23. b4 fxe4 24. Nxe4 d5 25. Nc5 Bxc5 26. bxc5 Rde8 27. Rb3 e4 28. Rb7 Qe5 29. Qxc6 exf3 30. gxf3 Rxf3 31. Qxd5 Rf1+ 32. Kg2 Qe2+ 0-1

[Event "Titled Tuesday intern op 30th Jan Late"]
[Site "Chess.com INT"]
[Date "2024.01.30"]
[Round "2"]
[White "Carnicelli, Valerio"]
[Black "Smith, Garrett L"]
[Result "1-0"]
[WhiteElo "2427"]
[BlackElo "2029"]
[PlyCount "117"]
[EventDate "2024.01.30"]
[EventType "swiss (blitz)"]
[EventRounds "11"]
[EventCountry "USA"]
[SourceTitle "EXT 2025"]
[Source "ChessBase"]
[SourceDate "2024.10.14"]
[SourceVersion "1"]
[SourceVersionDate "2024.10.14"]
[SourceQuality "1"]

1. e4 c5 2. c3 d5 3. exd5 Qxd5 4. Nf3 Nc6 5. Na3 Bf5 6. Bc4 Qe4+ 7. Qe2 Qxe2+ 8. Kxe2 e6 9. d4 0-0-0 10. Be3 cxd4 11. Nxd4 Nxd4+ 12. Bxd4 Kb8 13. Be5+ Ka8 14. Rhd1 Rc8 15. Nb5 a6 16. Nc7+ Ka7 17. Rd7 f6 18. Bd4+ Kb8 19. Nxa6+ bxa6 20. Bxa6 Re8 21. Ba7+ Ka8 22. Bb6 Ne7 23. Rad1 Nd5 24. Bd4 Nf4+ 25. Kf1 e5 26. Ra7+ Kb8 27. Rb7+ Ka8 28. Ra7+ Kb8 29. Bb6 Ne6 30. Rb7+ Ka8 31. Ra7+ Kb8 32. Bb5 Rc8 33. Bd7 g6 34. Bxc8 Kxc8 35. Ra8+ Kb7 36. Re8 Bg7 37. Rxh8 Bxh8 38. Ba5 Nc5 39. Bb4 Nd3 40. Rd2 Bg7 41. Ke2 Bh6 42. Rxd3 Bxd3+ 43. Kxd3 Bc1 44. b3 f5 45. a4 Kc6 46. a5 Kd5 47. c4+ Kc6 48. Bc3 e4+ 49. Ke2 Bf4 50. b4 Bd6 51. Ke3 g5 52. f3 exf3 53. Kxf3 h5 54. h3 g4+ 55. hxg4 hxg4+ 56. Kf2 Bf4 57. Bd4 Bd6 58. b5+ Kb7 59. a6+ 1-0

[Event "Titled Tuesday intern op 19th Dec Late"]
[Site "Chess.com INT"]
[Date "2023.12.19"]
[Round "8"]
[White "Przybylski, Wojciech"]
[Black "Smith, Garrett L"]
[Result "0-1"]
[WhiteElo "2308"]
[BlackElo "2029"]
[PlyCount "112"]
[EventDate "2023.12.19"]
[EventType "swiss (blitz)"]
[EventRounds "11"]
[EventCountry "USA"]
[SourceTitle "EXT 2025"]
[Source "ChessBase"]
[SourceDate "2024.10.14"]
[SourceVersion "1"]
[SourceVersionDate "2024.10.14"]
[SourceQuality "1"]

1. e4 c5 2. Nf3 Nc6 3. d4 cxd4 4. Nxd4 e5 5. Nb5 d6 6. c4 Be7 7. Be2 Nf6 8. N5c3 h6 9. 0-0 Be6 10. b3 Rc8 11. Bb2 Nd4 12. Nd2 a6 13. Nf3 Nxe2+ 14. Qxe2 Qc7 15. Ne1 Qc6 16. Nc2 0-0 17. Rae1 b5 18. cxb5 axb5 19. Nb4 Qb7 20. Qd3 Rc5 21. Rc1 Rfc8 22. h3 Bc4 23. bxc4 bxc4 24. Qe2 Qxb4 25. Rb1 Qa5 26. f4 exf4 27. Rxf4 Rb8 28. Rbf1 Rc7 29. Ba1 Rcb7 30. Qxc4 Qg5 31. Rf5 Qg3 32. R5f3 Qg5 33. Kh2 Bf8 34. Rg3 Qh4 35. Ne2 d5 36. Qa6 Nxe4 37. Rg4 Qd8 38. Qxh6 Qd6+ 39. Qxd6 Bxd6+ 40. Nf4 g5 41. h4 f5 42. Rxg5+ Nxg5 43. hxg5 Rb1 44. Rxb1 Bxf4+ 45. g3 Rxb1 46. Bc3 Bd6 47. a4 Rc1 48. Bd2 Rc2 49. Kh3 Rxd2 50. a5 Rd3 51. g6 Rxg3+ 52. Kh4 Ra3 53. a6 Rxa6 54. Kg5 Kg7 55. Kxf5 d4 56. Ke4 Be7 0-1

[Event "Titled Tuesday intern op 19th Dec Late"]
[Site "Chess.com INT"]
[Date "2023.12.19"]
[Round "6"]
[White "Smith, Garrett L"]
[Black "Keleberda, Timur"]
[Result "0-1"]
[WhiteElo "2029"]
[BlackElo "2222"]
[PlyCount "100"]
[EventDate "2023.12.19"]
[EventType "swiss (blitz)"]
[EventRounds "11"]
[EventCountry "USA"]
[SourceTitle "EXT 2025"]
[Source "ChessBase"]
[SourceDate "2024.10.14"]
[SourceVersion "1"]
[SourceVersionDate "2024.10.14"]
[SourceQuality "1"]

1. e4 c5 2. Nf3 d6 3. d4 cxd4 4. Nxd4 Nf6 5. Nc3 a6 6. Be3 e5 7. Nf3 Be7 8. h3 Be6 9. g4 h6 10. Bg2 Nc6 11. Qd3 d5 12. Nxd5 Nxd5 13. exd5 Qxd5 14. Qxd5 Bxd5 15. c3 0-0-0 16. Bb6 Rd7 17. h4 e4 18. Nd4 e3 19. Bxd5 exf2+ 20. Kxf2 Rxd5 21. Rae1 Bf6 22. Nxc6 bxc6 23. Re2 c5 24. h5 Kd7 25. c4 Rd4 26. Bxc5 Rxc4 27. Rd1+ Kc6 28. b4 Rxg4 29. Rd6+ Kb5 30. Rb6+ Kc4 31. Rxa6 Rd8 32. Rd6 Rxd6 33. Bxd6 Bd4+ 34. Kf3 Rg5 35. a4 Rxh5 36. a5 Rf5+ 37. Kg4 Rf1 38. Ra2 Kb3 39. Re2 f5+ 40. Kh5 f4 41. a6 f3 42. Rd2 Kc4 43. Bc5 Bxc5 44. bxc5 Ra1 45. Rc2+ Kd3 46. Rf2 Ke3 47. Rc2 Rxa6 48. c6 Ra8 49. c7 Rc8 50. Kg6 f2 0-1

[Event "Titled Tuesday intern op 19th Sep Late"]
[Site "Chess.com INT"]
[Date "2023.09.19"]
[Round "10"]
[White "Carroll, Thomas"]
[Black "Smith, Garrett L"]
[Result "1-0"]
[WhiteElo "2048"]
[BlackElo "2047"]
[PlyCount "83"]
[EventDate "2023.09.19"]
[EventType "swiss (blitz)"]
[EventRounds "11"]
[EventCountry "USA"]
[SourceTitle "EXT 2024"]
[Source "ChessBase"]
[SourceDate "2023.10.10"]
[SourceVersion "1"]
[SourceVersionDate "2023.10.10"]
[SourceQuality "1"]

1. d4 Nf6 2. Nf3 g6 3. Bg5 c5 4. dxc5 Bg7 5. Nbd2 Qa5 6. e4 Nxe4 7. Be3 Nxc5 8. Be2 Ne6 9. 0-0 d6 10. Nc4 Qc7 11. Nd4 0-0 12. c3 Nxd4 13. Bxd4 Nc6 14. Bxg7 Kxg7 15. h4 Be6 16. h5 Ne5 17. Nxe5 dxe5 18. Bf3 Rad8 19. Qa4 b6 20. Rad1 Bc4 21. Rfe1 b5 22. Qa3 f5 23. b3 Bf7 24. Qc1 e4 25. Be2 Rxd1 26. Rxd1 Rd8 27. h6+ Kf8 28. Rxd8+ Qxd8 29. c4 Qc7 30. Qc3 e5 31. Qb4+ Ke8 32. Qxb5+ Kd8 33. Qa6 f4 34. Bg4 e3 35. fxe3 fxe3 36. Qf6+ Qe7 37. Qh8+ Be8 38. Qg7 Qxg7 39. hxg7 Bf7 40. Bf3 Ke7 41. Bd5 Bxd5 42. cxd5 1-0

[Event "Titled Tuesday intern op 19th Sep Early"]
[Site "Chess.com INT"]
[Date "2023.09.19"]
[Round "4"]
[White "Smith, Garrett L"]
[Black "Aggelis, Nikolaos"]
[Result "1-0"]
[WhiteElo "2047"]
[BlackElo "2264"]
[PlyCount "125"]
[EventDate "2023.09.19"]
[EventType "swiss (blitz)"]
[EventRounds "11"]
[EventCountry "USA"]
[SourceTitle "EXT 2024"]
[Source "ChessBase"]
[SourceDate "2023.10.10"]
[SourceVersion "1"]
[SourceVersionDate "2023.10.10"]
[SourceQuality "1"]

1. e4 c6 2. d4 d5 3. e5 c5 4. Nf3 Bg4 5. dxc5 e6 6. Be3 Nc6 7. Bb5 Qc7 8. Bxc6+ bxc6 9. Bd4 Ne7 10. 0-0 Nf5 11. c3 Be7 12. Nbd2 Nh4 13. b4 0-0 14. h3 Bh5 15. g4 Nxf3+ 16. Qxf3 Bg6 17. Qg3 f6 18. h4 fxe5 19. Bxe5 Qd8 20. h5 Bc2 21. Rae1 Bh4 22. Qe3 a5 23. Bd6 Re8 24. a3 Qg5 25. Qxg5 Bxg5 26. Nf3 Bf6 27. g5 Bxc3 28. Rc1 Bd3 29. Rxc3 Bxf1 30. Kxf1 axb4 31. axb4 Ra4 32. Rb3 Rea8 33. Ne5 R8a6 34. g6 hxg6 35. hxg6 Ra1+ 36. Kg2 R1a2 37. Rf3 Ra8 38. Rf7 R2a7 39. Rxa7 Rxa7 40. Nxc6 Ra4 41. b5 d4 42. b6 Ra3 43. Be5 Rb3 44. Bxd4 Kf8 45. Be5 Ke8 46. Bd6 Kd7 47. Ne5+ Kc8 48. Nf3 Kb7 49. Nd4 Rb1 50. Nxe6 Kc6 51. Nxg7 Rb3 52. Nf5 Rb4 53. g7 Rg4+ 54. Kf3 Rg6 55. Kf4 Rg2 56. Ke5 Rg6 57. Ne7+ Kb7 58. Nxg6 Kc6 59. g8Q Kb5 60. Qb3+ Ka6 61. b7 Ka7 62. b8Q+ Ka6 63. Q8b6# 1-0

[Event "Titled Tuesday intern op 19th Sep Late"]
[Site "Chess.com INT"]
[Date "2023.09.19"]
[Round "11"]
[White "Smith, Garrett L"]
[Black "Blanco Diez, David"]
[Result "0-1"]
[WhiteElo "2047"]
[BlackElo "2298"]
[PlyCount "80"]
[EventDate "2023.09.19"]
[EventType "swiss (blitz)"]
[EventRounds "11"]
[EventCountry "USA"]
[SourceTitle "EXT 2024"]
[Source "ChessBase"]
[SourceDate "2023.10.10"]
[SourceVersion "1"]
[SourceVersionDate "2023.10.10"]
[SourceQuality "1"]

1. e4 c5 2. Nf3 e6 3. d4 cxd4 4. Nxd4 Nc6 5. Nc3 Qc7 6. g3 a6 7. Bg2 Nge7 8. 0-0 Nxd4 9. Qxd4 Nc6 10. Qd1 Ne5 11. f4 Nc4 12. Qe2 b5 13. e5 Bb7 14. Ne4 d5 15. Ng5 Bc5+ 16. Kh1 h6 17. Nf3 d4 18. b3 Ne3 19. Bxe3 dxe3 20. c4 b4 21. Rad1 0-0 22. h4 a5 23. Kh2 a4 24. Nd4 Bxg2 25. Kxg2 Qb6 26. Nb5 axb3 27. axb3 Rfd8 28. Rxd8+ Rxd8 29. Rd1 Qc6+ 30. Kh2 Rxd1 31. Qxd1 Qe4 32. Qe2 Qb1 33. g4 Qxb3 34. f5 Qb1 35. fxe6 fxe6 36. g5 hxg5 37. hxg5 Qf5 38. Qh5 Qxe5+ 39. Kh3 Qf5+ 40. Kh2 g6 0-1

[Event "Titled Tuesday intern op 19th Sep Late"]
[Site "Chess.com INT"]
[Date "2023.09.19"]
[Round "1"]
[White "Smith, Garrett L"]
[Black "Rosen, Eric S"]
[Result "0-1"]
[WhiteElo "2047"]
[BlackElo "2341"]
[PlyCount "31"]
[EventDate "2023.09.19"]
[EventType "swiss (blitz)"]
[EventRounds "11"]
[EventCountry "USA"]
[SourceTitle "EXT 2024"]
[Source "ChessBase"]
[SourceDate "2023.10.10"]
[SourceVersion "1"]
[SourceVersionDate "2023.10.10"]
[SourceQuality "1"]

1. e4 e5 2. Nf3 Nf6 3. Nxe5 Nc6 4. Nxc6 dxc6 5. d3 Bc5 6. Be3 Bxe3 7. fxe3 Ng4 8. Qe2 Qg5 9. Kd2 Nxh2 10. Rxh2 Qe5 11. Rh5 Qxb2 12. Nc3 Qxa1 13. Re5+ Be6 14. Qg4 Qxf1 15. Qg3 0-0-0 16. Ra5 0-1